[Event "Lass Vårturneringar"]
[Site "Linköping"]
[Date "2014.05.31"]
[Round "5"]
[White "Sandgren, Per Olov"]
[Black "Nörager, Mattias"]
[Result "1-0"]
[WhiteElo "1655"]
[BlackElo "1469"]
[PlyCount "97"]
[EventDate "2014.??.??"]
[SourceDate "2012.10.22"]

1. e4 e5 2. Nf3 Nc6 3. Bb5 Nf6 4. O-O Bc5 5. c3 d6 6. d4 exd4 7. cxd4 Bb4 8.
Qa4 O-O 9. Bxc6 bxc6 10. Qxb4 Nxe4 11. Nc3 c5 12. dxc5 Nxc5 13. Be3 Ba6 14.
Rfd1 Ne6 15. Qa4 Bc8 16. Qc2 Qf6 17. Nd5 Qd8 18. Rac1 Bb7 19. Nxc7 Bxf3 20.
gxf3 Rc8 21. Nxe6 Rxc2 22. Nxd8 Rxc1 23. Rxc1 Rxd8 24. Bxa7 f6 25. Bd4 Kf7 26.
Rc7+ Kg6 27. a4 Rb8 28. a5 Rb4 29. Bc3 Ra4 30. Rd7 h5 31. Rxd6 h4 32. Kg2 Rf4
33. h3 Ra4 34. Rd4 Ra2 35. Rxh4 Kf7 36. Re4 f5 37. Re3 Ra4 38. b4 g6 39. b5 Rc4
40. b6 f4 41. Rd3 g5 42. b7 g4 43. b8=Q gxf3+ 44. Kxf3 Rxc3 45. Rxc3 Kg6 46.
Rc6+ Kh5 47. Qh8+ Kg5 48. Qe5+ Kh4 49. Rh6# 1-0

[Event "Lass Vårturneringar"]
[Site "Linköping"]
[Date "2014.05.31"]
[Round "5"]
[White "Knutsson, Håkan"]
[Black "Olsson, Simon"]
[Result "0-1"]
[WhiteElo "1947"]
[BlackElo "2132"]
[PlyCount "118"]
[EventDate "2014.??.??"]
[SourceDate "2012.10.22"]
[WhiteClock "0:29:02"]
[BlackClock "0:05:42"]

1. e4 c5 2. Nf3 Nc6 3. d4 cxd4 4. Nxd4 Nf6 5. Nc3 e6 6. Ndb5 Bb4 7. a3 Bxc3+ 8.
Nxc3 d5 9. exd5 exd5 10. Bd3 O-O 11. O-O h6 12. Ne2 Qb6 13. h3 Ne5 14. Be3 Qc7
15. Ng3 Re8 16. Bd4 Bd7 17. Qd2 a6 18. Bf5 Rac8 19. Qf4 g5 20. Bxe5 gxf4 21.
Bxc7 Rxc7 22. Bxd7 Nxd7 23. Nf5 Rxc2 24. Nxh6+ Kg7 25. Nf5+ Kf6 26. Nd6 Re6 27.
Nxb7 Rb6 28. Na5 Rcxb2 29. a4 Ne5 30. Rfd1 Ke6 31. Rd4 Rb1+ 32. Rxb1 Rxb1+ 33.
Kh2 f3 34. Rh4 Rf1 35. Rh6+ f6 36. gxf3 Rxf2+ 37. Kg3 Rxf3+ 38. Kg2 Rc3 39. Rh8
Rc5 40. Nb3 Rc2+ 41. Kf1 Nc6 42. Ra8 Rc3 43. Rxa6 Ke5 44. Rb6 Rxh3 45. a5 Rxb3
46. Rxc6 Ra3 47. a6 Ra2 48. Rb6 f5 49. Ke1 f4 50. Kf1 d4 51. Ke1 Ke4 52. Re6+
Kd3 53. Kf1 Kc4 54. Rf6 Kc3 55. Rc6+ Kd2 56. Re6 d3 57. Kf2 Kc1+ 58. Kf3 d2 59.
Rc6+ Rc2 0-1

[Event "Lass Vårturneringar"]
[Site "Linköping"]
[Date "2014.05.31"]
[Round "5"]
[White "Ståhlberg, Adam"]
[Black "Halvarsson, Peter"]
[Result "0-1"]
[WhiteElo "2022"]
[BlackElo "1990"]
[PlyCount "82"]
[EventDate "2014.??.??"]
[SourceDate "2012.10.22"]
[WhiteClock "0:31:05"]
[BlackClock "0:35:13"]

1. Nc3 g6 2. e4 Bg7 3. Bc4 c5 4. d3 Nc6 5. a3 Nf6 6. h3 d6 7. Be3 a6 8. Nge2 b5
9. Ba2 Nd7 10. O-O Bb7 11. Qd2 Nd4 12. Nd1 e6 13. c3 Nxe2+ 14. Qxe2 Qh4 15. f4
O-O 16. Bf2 Qe7 17. Bg3 Rae8 18. Ne3 Kh8 19. Rae1 f5 20. Qc2 Qd8 21. exf5 exf5
22. Nd5 Nb6 23. Nxb6 Qxb6 24. Rxe8 Rxe8 25. Kh2 Bf6 26. Qf2 Qc6 27. Bb3 Re3 28.
Rd1 Qe8 29. Rd2 d5 30. Bd1 d4 31. c4 bxc4 32. dxc4 Be4 33. Qf1 Qb8 34. Be1 g5
35. g3 gxf4 36. gxf4 Rxe1 37. Qxe1 Qxf4+ 38. Kg1 Bh4 39. Qe2 Qg3+ 40. Kf1 Qxh3+
41. Kg1 Qh1# 0-1

[Event "Lass Vårturneringar"]
[Site "Linköping"]
[Date "2014.05.31"]
[Round "5"]
[White "Garner, Mårten"]
[Black "Hägglund, Lars"]
[Result "1-0"]
[WhiteElo "1706"]
[BlackElo "1924"]
[PlyCount "65"]
[EventDate "2014.??.??"]
[SourceDate "2012.10.22"]

1. d4 Nf6 2. c4 g6 3. Nc3 Bg7 4. e4 d6 5. f3 Nbd7 6. Be3 c5 7. d5 Qa5 8. Qd2 h5
9. Bd3 a6 10. Nge2 Ne5 11. h3 Qb4 12. b3 Bd7 13. Bc2 Bc8 14. O-O b5 15. a3 Qa5
16. b4 Qc7 17. cxb5 Nc4 18. Qd3 Nxe3 19. Qxe3 cxb4 20. axb4 Nd7 21. Nd4 Qb6 22.
Nce2 O-O 23. Bd3 Ne5 24. Rfc1 Bd7 25. bxa6 Nxd3 26. Qxd3 Bb5 27. Qxb5 Bxd4+ 28.
Nxd4 Qxd4+ 29. Kh1 Rab8 30. Qc4 Rxb4 31. Qxd4 Rxd4 32. a7 Ra8 33. Rcb1 1-0

[Event "Lass Vårturneringar"]
[Site "Linköping"]
[Date "2014.05.31"]
[Round "5"]
[White "Persson, Börje"]
[Black "Orci, Istvan"]
[Result "1-0"]
[WhiteElo "1663"]
[BlackElo "1476"]
[PlyCount "93"]
[EventDate "2014.??.??"]
[SourceDate "2012.10.22"]

1. e4 c6 2. d4 d5 3. Nc3 dxe4 4. Nxe4 Nd7 5. Nf3 Ngf6 6. Bd3 Nxe4 7. Bxe4 Nf6
8. Bd3 Bg4 9. c3 e6 10. O-O Qd5 11. Be2 Bd6 12. h3 Bh5 13. Re1 O-O 14. Nh2 Bxe2
15. Qxe2 Rfd8 16. Ng4 Qf5 17. Nxf6+ Qxf6 18. Qg4 Be7 19. Bf4 Qh4 20. Qxh4 Bxh4
21. g3 Be7 22. Kg2 Rd7 23. g4 Rad8 24. Re2 c5 25. dxc5 Bxc5 26. Rae1 h6 27. Be3
Bxe3 28. Rxe3 Rd2 29. R3e2 g5 30. f3 b5 31. Kf2 R8d3 32. Rxd2 Rxd2+ 33. Re2 Rd5
34. b3 Rd3 35. Rc2 Kg7 36. Ke2 Rd6 37. c4 bxc4 38. bxc4 Kf6 39. c5 Rc6 40. Kd3
Ke5 41. Kc4 Kf4 42. Kb5 Rc7 43. Rc3 f5 44. c6 fxg4 45. hxg4 e5 46. Kc5 e4 47.
fxe4 1-0

[Event "Lass Vårturneringar"]
[Site "Linköping"]
[Date "2014.05.31"]
[Round "6"]
[White "Nörager, Mattias"]
[Black "Ståhlberg, Adam"]
[Result "0-1"]
[WhiteElo "1469"]
[BlackElo "2022"]
[PlyCount "32"]
[EventDate "2014.??.??"]
[SourceDate "2012.10.22"]

1. f4 d5 2. Nf3 Nf6 3. e3 Bg4 4. b3 e6 5. Bb2 Be7 6. Be2 Nc6 7. O-O O-O 8. h3
Bxf3 9. Bxf3 Bc5 10. Nc3 a6 11. Na4 Ba7 12. Bxf6 Qxf6 13. d4 b5 14. Nb2 Nxd4
15. Nd3 Nf5 16. Re1 Nxe3 0-1

[Event "Lass Vårturneringar"]
[Site "Linköping"]
[Date "2014.05.31"]
[Round "6"]
[White "Orci, Istvan"]
[Black "Lindström, Jan"]
[Result "1-0"]
[WhiteElo "1476"]
[BlackElo "1611"]
[PlyCount "41"]
[EventDate "2014.??.??"]
[SourceDate "2012.10.22"]

1. e4 e6 2. d4 d5 3. e5 b6 4. g3 Ba6 5. Bxa6 Nxa6 6. Be3 Qd7 7. Qe2 Nb8 8. Nf3
g6 9. Nc3 h5 10. O-O-O Bh6 11. Kb1 Qe7 12. h4 Bxe3 13. fxe3 c5 14. Nb5 a6 15.
Nd6+ Kd7 16. Ng5 Nh6 17. Qf3 cxd4 18. exd4 Rf8 19. Rhf1 Nf5 20. Nxf5 exf5 21.
Qxd5+ 1-0

[Event "Lass Vårturneringar"]
[Site "Linköping"]
[Date "2014.05.31"]
[Round "6"]
[White "Hägglund, Lars"]
[Black "Sandgren, Per Olov"]
[Result "1-0"]
[WhiteElo "1924"]
[BlackElo "1655"]
[PlyCount "69"]
[EventDate "2014.??.??"]
[SourceDate "2012.10.22"]

1. d4 d5 2. Bf4 Nf6 3. e3 g6 4. Nc3 Bg7 5. Nf3 O-O 6. Be2 c6 7. Ne5 Be6 8. g4
Nfd7 9. Nd3 f5 10. g5 Bf7 11. h4 Re8 12. Ne5 Nxe5 13. dxe5 Nd7 14. h5 Nxe5 15.
Qd2 Nd7 16. hxg6 Bxg6 17. Bh5 e5 18. Bxg6 hxg6 19. Bh2 Qxg5 20. O-O-O Qf6 21.
f3 d4 22. Ne2 c5 23. exd4 exd4 24. Bf4 Qe6 25. Nc3 Nf6 26. Nb5 Qxa2 27. Na3 Re6
28. Nb1 Rae8 29. Qg2 Nh5 30. Bd2 Qd5 31. Rdg1 Qe5 32. Qg5 Kf7 33. Na3 f4 34.
Qg4 Nf6 35. Qxg6+ 1-0

[Event "Lass Vårturneringar"]
[Site "Linköping"]
[Date "2014.05.31"]
[Round "6"]
[White "Olsson, Simon"]
[Black "Nilsson, Lars"]
[Result "1-0"]
[WhiteElo "2132"]
[BlackElo "1480"]
[PlyCount "63"]
[EventDate "2014.??.??"]
[SourceDate "2012.10.22"]
[WhiteClock "1:10:23"]
[BlackClock "1:07:07"]

1. d4 Nf6 2. Bg5 Ne4 3. Bf4 d5 4. f3 Nd6 5. Nc3 c6 6. e4 e6 7. Qd2 Be7 8. O-O-O
b5 9. exd5 exd5 10. Bd3 O-O 11. Nh3 Bf5 12. Bxd6 Bxd3 13. Bxe7 Qxe7 14. Qxd3
Nd7 15. Rhe1 Qd6 16. g3 Qh6+ 17. Nf4 Qd6 18. Rd2 Rfe8 19. Rde2 Nf6 20. Rxe8+
Rxe8 21. Rxe8+ Nxe8 22. Qe3 Qd7 23. Nd3 Qe6 24. Qxe6 fxe6 25. Ne5 Nc7 26. Nxc6
a6 27. Kd2 Kf8 28. Ne2 h6 29. Kc3 Ke8 30. Kb4 Kd7 31. Kc5 g6 32. Ne5+ 1-0

[Event "Lass Vårturneringar"]
[Site "Linköping"]
[Date "2014.05.31"]
[Round "6"]
[White "Halvarsson, Peter"]
[Black "Garner, Mårten"]
[Result "1-0"]
[WhiteElo "1990"]
[BlackElo "1706"]
[PlyCount "57"]
[EventDate "2014.??.??"]
[SourceDate "2012.10.22"]
[WhiteClock "0:42:14"]
[BlackClock "0:42:09"]

1. b3 d5 2. Bb2 Nf6 3. e3 c5 4. h3 Nc6 5. d3 e5 6. Ne2 Bd6 7. Nd2 O-O 8. g4 Re8
9. Bg2 Be6 10. e4 Bc7 11. Ng3 g6 12. Bc1 b5 13. g5 Nh5 14. Nxh5 gxh5 15. Qxh5
Ne7 16. exd5 Bxd5 17. Ne4 Bxe4 18. Bxe4 Ng6 19. Be3 Ba5+ 20. Kf1 Bc3 21. Rd1
Rc8 22. Qg4 Qa5 23. h4 Qxa2 24. h5 Nf4 25. g6 h6 26. gxf7+ Kxf7 27. Qd7+ Kf6
28. Rg1 Qxc2 29. Qf5+ 1-0

[Event "Lass Vårturneringar"]
[Site "Linköping"]
[Date "2014.05.31"]
[Round "6"]
[White "Persson, Börje"]
[Black "Knutsson, Håkan"]
[Result "0-1"]
[WhiteElo "1663"]
[BlackElo "1947"]
[PlyCount "134"]
[EventDate "2014.??.??"]
[SourceDate "2012.10.22"]

1. e4 c5 2. Nf3 e6 3. d4 cxd4 4. Nxd4 Nc6 5. Nxc6 bxc6 6. Bd3 Nf6 7. O-O e5 8.
c4 Be7 9. Be3 O-O 10. Nc3 d6 11. h3 Be6 12. Qe2 Qc7 13. f4 exf4 14. Bxf4 Nd7
15. Rad1 Ne5 16. Bxe5 dxe5 17. Kh1 Bc5 18. Qc2 Qe7 19. Rf3 Rfb8 20. b3 a5 21.
Na4 Bd4 22. Rdf1 f6 23. Kh2 c5 24. Rb1 Bd7 25. Rff1 Qe8 26. a3 Qh5 27. Be2 Qe8
28. Bd3 Rb7 29. Nc3 Rab8 30. Nb5 Qh5 31. Be2 Qh6 32. a4 Be3 33. Rf3 Bf4+ 34.
Kg1 Be6 35. Rd1 Be3+ 36. Kh2 Bd4 37. Rdf1 Rd7 38. Rd1 g5 39. Qc1 Rf8 40. Rdf1
Kg7 41. Qe1 Kh8 42. Rd3 Rg8 43. g4 Qg6 44. Nxd4 exd4 45. Bf3 Ra7 46. Qg3 Rd8
47. Rfd1 Qg7 48. Re1 h6 49. Bd1 Qc7 50. Qxc7 Rxc7 51. Kg3 Kg7 52. Bf3 Re7 53.
Kf2 Bc8 54. Rd2 Re5 55. Bd1 Kf7 56. Bc2 Ke6 57. Bd3 Kd6 58. Rde2 Re7 59. Kf3
Ke5 60. Rh1 Rb7 61. Rb2 Bd7 62. Rhb1 Rdb8 63. Bc2 Bc6 64. Ra2 Bxe4+ 65. Bxe4
Rxb3+ 66. Rxb3 Rxb3+ 67. Kg2 Kxe4 0-1

[Event "Lass Vårturneringar"]
[Site "Linköping"]
[Date "2014.06.01"]
[Round "7"]
[White "Ståhlberg, Adam"]
[Black "Olsson, Simon"]
[Result "0-1"]
[WhiteElo "2022"]
[BlackElo "2132"]
[PlyCount "78"]
[EventDate "2014.??.??"]
[SourceDate "2012.10.22"]
[WhiteClock "0:00:38"]
[BlackClock "0:51:03"]

1. d4 Nf6 2. c4 Nc6 3. Nf3 e6 4. a3 g6 5. Nc3 Bg7 6. e4 d6 7. h3 O-O 8. Bg5 h6
9. Be3 Re8 10. Qd2 Kh7 11. Be2 e5 12. d5 Nd4 13. Nxd4 exd4 14. Bxd4 Nxe4 15.
Nxe4 Rxe4 16. Bxg7 Kxg7 17. O-O Qf6 18. Bd3 Re8 19. Rac1 b6 20. Rc3 Bd7 21. Bc2
Re7 22. b3 Rae8 23. Bd3 Qd4 24. Qc1 a5 25. Qa1 Re5 26. Rd1 Qf4 27. Bf1 Kg8 28.
Qc1 Qxc1 29. Rdxc1 Re1 30. Rxe1 Rxe1 31. g4 g5 32. f3 f5 33. Kf2 Ra1 34. a4
Ra2+ 35. Be2 Kf7 36. Ke1 Kf6 37. Re3 f4 38. Rd3 Rb2 39. Rc3 Be8 0-1

[Event "Lass Vårturneringar"]
[Site "Linköping"]
[Date "2014.06.01"]
[Round "7"]
[White "Persson, Börje"]
[Black "Halvarsson, Peter"]
[Result "1/2-1/2"]
[WhiteElo "1663"]
[BlackElo "1990"]
[PlyCount "104"]
[EventDate "2014.??.??"]
[SourceDate "2012.10.22"]
[WhiteClock "0:41:53"]
[BlackClock "0:17:54"]

1. e4 c5 2. Nf3 Nc6 3. d4 cxd4 4. Nxd4 g6 5. Nc3 Bg7 6. Be3 Nf6 7. Bc4 Qa5 8.
O-O O-O 9. Bb3 d6 10. h3 Bd7 11. f4 Qh5 12. Qxh5 Nxh5 13. Rad1 Nf6 14. Nxc6
Bxc6 15. Nd5 Nxd5 16. exd5 Bd7 17. Bd4 b5 18. Bxg7 Kxg7 19. Rfe1 Rfe8 20. Rd4
Rab8 21. c3 f5 22. a3 Kf6 23. h4 h6 24. Kf2 Rg8 25. Rh1 Rg7 26. g3 Rbg8 27. Rd3
g5 28. hxg5+ hxg5 29. Rh6+ Kf7 30. fxg5 Rxg5 31. Rh7+ Kf6 32. Re3 R8g7 33. Rxg7
Rxg7 34. Kf3 Be8 35. Re1 Rh7 36. Kg2 Rg7 37. Rf1 Bh5 38. Rh1 Rg5 39. Rh4 Bf7
40. Kf2 Rg7 41. Rd4 Rh7 42. Kg2 Ke5 43. Rd1 Bh5 44. Re1+ Kf6 45. Re6+ Kf7 46.
Re1 Bg4 47. Bd1 Bxd1 48. Rxd1 Kf6 49. Re1 Rg7 50. Kf3 Rg4 51. Re6+ Kf7 52. Re3
Kf6 1/2-1/2

[Event "Lass Vårturneringar"]
[Site "Linköping"]
[Date "2014.06.01"]
[Round "7"]
[White "Sandgren, Per-Olov"]
[Black "Knutsson, Håkan"]
[Result "0-1"]
[WhiteElo "1655"]
[BlackElo "1947"]
[PlyCount "72"]
[EventDate "2014.??.??"]
[SourceDate "2012.10.22"]

1. d4 Nf6 2. Bg5 e6 3. e4 h6 4. Bxf6 Qxf6 5. g3 d5 6. e5 Qd8 7. Nf3 c5 8. c3
Nc6 9. Bg2 cxd4 10. cxd4 Qb6 11. Qd2 Na5 12. O-O Nc4 13. Qc2 Qxb2 14. Qxb2 Nxb2
15. Nbd2 Na4 16. Rfc1 Be7 17. Bf1 Bd7 18. Rab1 Bc6 19. Nb3 Nb6 20. Na5 Kd7 21.
Nxc6 bxc6 22. Ba6 Rab8 23. Nd2 Na8 24. Nb3 Rb6 25. Bd3 Rhb8 26. f4 Nc7 27. Kf2
Rb4 28. Ke3 Nb5 29. Na5 Nxd4 30. Ra1 c5 31. h4 Nc6 32. Nxc6 Kxc6 33. Rc2 c4 34.
Bf1 Rb1 35. Rxb1 Rxb1 36. Bg2 Kc5 0-1

[Event "Lass Vårturneringar"]
[Site "Linköping"]
[Date "2014.06.01"]
[Round "7"]
[White "Hägglund, Lars"]
[Black "Lindström, Jan"]
[Result "0-1"]
[WhiteElo "1924"]
[BlackElo "1611"]
[PlyCount "92"]
[EventDate "2014.??.??"]
[SourceDate "2012.10.22"]

1. d4 e6 2. Bf4 Nc6 3. e3 f5 4. Nf3 Nf6 5. a3 a5 6. Nc3 d6 7. Bc4 Qe7 8. Qe2 e5
9. dxe5 Nxe5 10. Nxe5 dxe5 11. Bg5 c6 12. e4 f4 13. Bh4 Be6 14. Rd1 Qf7 15.
Bxe6 Qxe6 16. Bxf6 Qxf6 17. Qh5+ g6 18. Qh3 Rd8 19. Rxd8+ Kxd8 20. O-O Kc7 21.
Rd1 Be7 22. Rd7+ Kb8 23. Nd5 cxd5 24. Qb3 Qc6 25. Rxe7 dxe4 26. Rxe5 Rd8 27. h3
e3 28. fxe3 f3 29. c3 fxg2 30. Rg5 Qf3 31. Rxg2 Qxe3+ 32. Kh2 Qf4+ 33. Kg1 Qc1+
34. Kh2 Qf4+ 35. Kg1 Rd3 36. Qc2 Qe3+ 37. Kf1 Qxh3 38. Kg1 Qe3+ 39. Kh2 Rd5 40.
Rf2 Rh5+ 41. Kg1 Qe1+ 42. Kg2 Qh1+ 43. Kg3 Qh3+ 44. Kf4 Rf5+ 45. Ke4 Qg4+ 46.
Kd3 Qg3+ 0-1

[Event "Lass Vårturneringar"]
[Site "Linköping"]
[Date "2014.06.01"]
[Round "7"]
[White "Garner, Mårten"]
[Black "Orci, Istvan"]
[Result "1-0"]
[WhiteElo "1706"]
[BlackElo "1476"]
[PlyCount "81"]
[EventDate "2014.??.??"]
[SourceDate "2012.10.22"]
[WhiteClock "1:43:31"]
[BlackClock "1:09:13"]

1. d4 Nf6 2. c4 e6 3. Nc3 d5 4. cxd5 exd5 5. Bg5 Be7 6. e3 Bf5 7. Qb3 b6 8.
Bxf6 gxf6 9. Qxd5 Qxd5 10. Nxd5 Bd8 11. Rc1 c6 12. Nb4 Bd7 13. Be2 a5 14. Nd3
Na6 15. a3 Nc7 16. Bf3 Nd5 17. Ne2 Rc8 18. Nc3 Nxc3 19. Rxc3 O-O 20. O-O Be7
21. Rfc1 c5 22. dxc5 bxc5 23. Nxc5 Bxc5 24. Rxc5 Rxc5 25. Rxc5 a4 26. h3 Rb8
27. Rc2 f5 28. Bc6 Bxc6 29. Rxc6 Rxb2 30. Rc4 Rb1+ 31. Kh2 Kg7 32. Rxa4 Rb2 33.
Kg3 f6 34. Ra8 Ra2 35. a4 Kf7 36. a5 Ke7 37. a6 Kd7 38. a7 Kc7 39. Rh8 Rxa7 40.
Rxh7+ Kb6 41. Rxa7 1-0

[Event "Lass Vårturneringar"]
[Site "Linköping"]
[Date "2014.06.01"]
[Round "7"]
[White "Nörager, Mattias"]
[Black "Nilsson, Lars"]
[Result "1-0"]
[WhiteElo "1469"]
[BlackElo "1480"]
[PlyCount "99"]
[EventDate "2014.??.??"]
[SourceDate "2012.10.22"]

1. d4 Nf6 2. c4 c5 3. d5 b5 4. cxb5 a6 5. Nc3 g6 6. e4 d6 7. Nf3 Nbd7 8. bxa6
Bxa6 9. Bxa6 Rxa6 10. O-O Bg7 11. Qe2 Rb6 12. Nd2 O-O 13. Nc4 Rb7 14. Be3 Ne8
15. Qd2 Ne5 16. Nxe5 Bxe5 17. Bh6 Ng7 18. Be3 Qa5 19. f4 Bf6 20. Rac1 Rfb8 21.
Rc2 Ne8 22. b3 Qa3 23. Qd3 Nc7 24. Bc1 Qb4 25. Rf3 Nb5 26. Nxb5 Rxb5 27. Bd2
Bd4+ 28. Kf1 Qa3 29. f5 Qa6 30. fxg6 hxg6 31. Ke1 R5b6 32. Bc3 Qxd3 33. Rxd3
Bxc3+ 34. Rcxc3 Ra8 35. Rd2 Ra3 36. Ke2 Rba6 37. Rcc2 f6 38. Kf3 c4 39. Rxc4
Rxa2 40. Rxa2 Rxa2 41. Ra4 Rb2 42. Rb4 Kf7 43. h3 f5 44. g3 Rb1 45. exf5 Rf1+
46. Ke3 Rxf5 47. Rf4 e5 48. dxe6+ Kxe6 49. Rxf5 gxf5 50. Kd4 {Kd5+ Kxd5} 1-0

[Event "Lass Sanktionerade"]
[Site "Linköping"]
[Date "2014.05.29"]
[Round "1"]
[White "Sylvan, Marcus"]
[Black "Andersson, Görgen"]
[Result "0-1"]
[WhiteElo "1250"]
[BlackElo "1799"]
[PlyCount "62"]
[EventDate "2014.05.29"]
[EventType "swiss"]
[EventRounds "7"]
[EventCountry "SWE"]
[SourceDate "2014.05.29"]

1. e4 d5 2. exd5 Nf6 3. Nc3 Nxd5 4. Nxd5 Qxd5 5. d4 Nc6 6. Nf3 Bg4 7. Be2 O-O-O
8. c3 e6 9. h3 Bh5 10. O-O f6 11. Bf4 g5 12. Bg3 g4 13. hxg4 Bxg4 14. Nh4 Bxe2
15. Qxe2 Bd6 16. Bxd6 Qxd6 17. Rfe1 Rde8 18. Nf3 Rhg8 19. Nd2 e5 20. Ne4 Qd5
21. g3 Qf7 22. dxe5 Rxe5 23. Qf3 Rge8 24. Re3 f5 25. Ng5 Qg6 26. Rxe5 Nxe5 27.
Qf4 Nd3 28. Qd2 f4 29. gxf4 h6 30. Rd1 Rd8 31. Qe2 hxg5 0-1

[Event "Lass Sanktionerade"]
[Site "Linköping"]
[Date "2014.05.29"]
[Round "1"]
[White "Hjalmarsson, Sanna"]
[Black "Norqvist, Lars"]
[Result "1/2-1/2"]
[WhiteElo "1229"]
[BlackElo "1755"]
[PlyCount "102"]
[EventDate "2014.05.29"]
[EventType "swiss"]
[EventRounds "7"]
[EventCountry "SWE"]
[SourceDate "2014.05.29"]

1. e4 e6 2. d4 d5 3. e5 c5 4. c3 Nc6 5. Nf3 Qb6 6. a3 c4 7. Be2 Na5 8. Nbd2 Bd7
9. Rb1 Nb3 10. Nxb3 Ba4 11. Nfd2 Rc8 12. O-O Ne7 13. Qe1 Bxb3 14. Nxb3 Qxb3 15.
Qd1 Qxd1 16. Rxd1 Nc6 17. b3 cxb3 18. Rxb3 Na5 19. Rb5 b6 20. Bb2 Rb8 21. Bc1
a6 22. Rb2 Bxa3 23. Ra2 Bxc1 24. Rxc1 Ke7 25. Bxa6 Ra8 26. Bf1 Nc4 27. Rca1
Rxa2 28. Rxa2 Na5 29. g3 Rc8 30. Rb2 Rb8 31. Bb5 g5 32. Be2 Nc4 33. Rb4 b5 34.
Bd3 h6 35. h3 Kd7 36. Kg2 Kc6 37. Rb1 Ra8 38. Rc1 Kb6 39. Kf3 h5 40. Bc2 Nd2+
41. Ke3 Nc4+ 42. Kf3 Nd2+ 43. Ke3 Nc4+ 44. Kf3 Rf8 45. Kg2 f5 46. exf6 Rxf6 47.
Re1 Kc6 48. Bd3 Kd6 49. Rb1 Kc6 50. Re1 Kd6 51. Rb1 Kc6 1/2-1/2

[Event "Lass Sanktionerade"]
[Site "Linköping"]
[Date "2014.05.29"]
[Round "1"]
[White "Book, Kaarlo"]
[Black "Qwarfort, Fredrik"]
[Result "1/2-1/2"]
[WhiteElo "1741"]
[BlackElo "1836"]
[PlyCount "149"]
[EventDate "2014.05.29"]
[EventType "swiss"]
[EventRounds "7"]
[EventCountry "SWE"]
[SourceDate "2014.05.29"]
[WhiteClock "1:07:24"]
[BlackClock "0:01:39"]

1. Nf3 Nf6 2. d4 g6 3. g3 Bg7 4. Bg2 O-O 5. O-O d5 6. c4 c6 7. cxd5 cxd5 8. Nc3
Nc6 9. e3 b6 10. a3 Bb7 11. Ne5 Rc8 12. Nxc6 Bxc6 13. b4 Ne4 14. Nxe4 dxe4 15.
a4 e5 16. b5 Bd5 17. Bb2 exd4 18. Bxd4 Bxd4 19. Qxd4 Rc4 20. Qd2 Be6 21. Qxd8
Rxd8 22. Rfc1 Rdc8 23. Rxc4 Rxc4 24. Bf1 Rb4 25. Kg2 Bg4 26. h4 Kf8 27. Ra2
Bf3+ 28. Kh2 Rb1 29. Bg2 Bxg2 30. Kxg2 Rb4 31. Kf1 Ke7 32. Ke2 Kd6 33. Kd2 Rc4
34. a5 bxa5 35. Rxa5 Rc7 36. Ra3 Rb7 37. Ra4 f5 38. Kc3 Kc5 39. Rc4+ Kxb5 40.
Rb4+ Kc6 41. Rc4+ Kd7 42. Ra4 Kc6 43. Rc4+ Kb6 44. Rb4+ Kc7 45. Rc4+ Kb8 46.
Rd4 a6 47. Rd5 Kc7 48. Rd4 a5 49. Rd5 Kb6 50. Rd6+ Kb5 51. Rd4 Rc7+ 52. Kb3 Ra7
53. Ka3 Kc5 54. Ra4 Rb7 55. Rd4 Rb4 56. Rd7 Kc4 57. Rxh7 Kd3 58. Rh6 Ke2 59.
Rxg6 Kxf2 60. Rg5 Kxe3 61. Rxf5 Rb1 62. h5 Kd4 63. h6 Rh1 64. Rxa5 Rxh6 65. Kb2
Rg6 66. Ra3 e3 67. Kc2 Ke4 68. Ra8 Rxg3 69. Kd1 Rg2 70. Re8+ Kd4 71. Rd8+ Ke5
72. Re8+ Kf4 73. Rf8+ Kg3 74. Rg8+ Kf2 75. Rxg2+ 1/2-1/2

[Event "Lass Sanktionerade"]
[Site "Linköping"]
[Date "2014.05.29"]
[Round "1"]
[White "Eriksson, Ofelia"]
[Black "Anderson, Bertram"]
[Result "0-1"]
[WhiteElo "1613"]
[BlackElo "1816"]
[PlyCount "58"]
[EventDate "2014.05.29"]
[EventType "swiss"]
[EventRounds "7"]
[EventCountry "SWE"]
[SourceDate "2014.05.29"]

1. d4 d5 2. Nf3 Nc6 3. Bf4 Nf6 4. e3 e6 5. Nbd2 Bd6 6. Ne5 a6 7. a4 O-O 8. c3
Ne7 9. Bd3 c6 10. g4 Qc7 11. Qc2 g6 12. Ndf3 Nxg4 13. Rg1 f5 14. Bg5 Nf6 15.
Bxf6 Rxf6 16. h4 h6 17. Ke2 c5 18. b3 Kh7 19. Rg2 Bd7 20. Rh1 Rh8 21. Ng5+ Kg7
22. Ngf3 Nc6 23. Rhg1 Bxe5 24. dxe5 Nxe5 25. h5 Nxf3 26. Rxg6+ Rxg6 27. Rxg6+
Kh7 28. Kxf3 Qh2 29. Rxe6 Qxh5+ 0-1

[Event "Lass Sanktionerade"]
[Site "Linköping"]
[Date "2014.05.29"]
[Round "1"]
[White "Rosell, Philip"]
[Black "Rosell, Martin"]
[Result "0-1"]
[WhiteElo "1050"]
[BlackElo "1750"]
[PlyCount "88"]
[EventDate "2014.05.29"]
[EventType "swiss"]
[EventRounds "7"]
[EventCountry "SWE"]
[SourceDate "2014.05.29"]

1. e4 c6 2. d4 d5 3. Nc3 dxe4 4. Nxe4 Bf5 5. Ng3 Bg6 6. h4 h6 7. Nf3 Nd7 8. h5
Bh7 9. Bd3 Bxd3 10. Qxd3 e6 11. Bf4 Bb4+ 12. c3 Be7 13. O-O-O Ngf6 14. Kb1 O-O
15. Rde1 c5 16. Rc1 Qb6 17. Ne4 Nxe4 18. Qxe4 Nf6 19. Qd3 Rfd8 20. Rcd1 Rd5 21.
Ne5 Rad8 22. Nc4 Qa6 23. Rhe1 Nxh5 24. Be5 cxd4 25. cxd4 Rc8 26. b3 Qb5 27. Ka1
a5 28. Re3 a4 29. Rc1 Qb4 30. Qc3 Qxc3+ 31. Rexc3 Rc6 32. bxa4 f6 33. Bh2 Rxd4
34. Na5 Rb6 35. Rc7 Ba3 36. Rf1 Bb2+ 37. Kb1 Rxa4 38. Kc2 Rxa5 39. g4 Rxa2 40.
Rc8+ Kh7 41. Rh1 Be5+ 42. Kd3 Bxh2 43. Rxh2 Nf4+ 44. Ke3 e5 0-1

[Event "Lass Sanktionerade"]
[Site "Linköping"]
[Date "2014.05.29"]
[Round "1"]
[White "Nguyen, Gabriel"]
[Black "Hansson, Ronald"]
[Result "0-1"]
[WhiteElo "1586"]
[BlackElo "1803"]
[PlyCount "100"]
[EventDate "2014.05.29"]
[EventType "swiss"]
[EventRounds "7"]
[EventCountry "SWE"]
[SourceDate "2014.05.29"]

1. d4 Nf6 2. c4 g6 3. Nc3 d5 4. cxd5 Nxd5 5. e4 Nxc3 6. bxc3 Bg7 7. Be3 c5 8.
Qd2 cxd4 9. cxd4 Nc6 10. Rd1 O-O 11. Nf3 a6 12. Be2 Qa5 13. Qxa5 Nxa5 14. O-O
Bd7 15. Rc1 Rfc8 16. d5 b5 17. Bc5 Bb2 18. Rb1 Rxc5 19. Rxb2 Rac8 20. Ne5 Be8
21. Nd3 Rc2 22. Bg4 Rxb2 23. Bxc8 Rxa2 24. Bxa6 Nc4 25. Nb4 Ra4 26. Nc6 Rxa6
27. Rb1 Nd2 28. Rc1 Nxe4 29. Nxe7+ Kf8 30. Nc6 Nd6 31. Nb4 Ra4 32. Nd3 Rd4 33.
Nc5 Rxd5 34. Na6 Nc4 35. Rb1 Rd2 36. Nc7 Bc6 37. Na6 Ke7 38. Nc5 Na3 39. Re1+
Kd6 40. Nb3 Rb2 41. Rd1+ Bd5 42. Nd2 Kc5 43. Nf1 Rb1 44. Rxb1 Nxb1 45. Ne3 b4
46. Nd1 Nd2 47. Nb2 Kd4 48. f3 Bb3 49. Kf2 Nc4 50. Nxc4 Bxc4 0-1

[Event "Lass Sanktionerade"]
[Site "Linköping"]
[Date "2014.05.29"]
[Round "2"]
[White "Anderson, Bertram"]
[Black "Andersson, Görgen"]
[Result "0-1"]
[WhiteElo "1816"]
[BlackElo "1799"]
[PlyCount "46"]
[EventDate "2014.05.29"]
[EventType "swiss"]
[EventRounds "7"]
[EventCountry "SWE"]
[SourceDate "2014.05.29"]

1. e4 d5 2. d4 dxe4 3. Nc3 Nf6 4. f3 exf3 5. Nxf3 Bg4 6. h3 Bh5 7. g4 Bg6 8.
Ne5 Nbd7 9. Nxg6 hxg6 10. Qf3 e5 11. dxe5 Nxe5 12. Qxb7 Rb8 13. Bb5+ Nfd7 14.
Qxa7 Qh4+ 15. Ke2 c6 16. Bf4 Bc5 17. Qc7 Qf2+ 18. Kd1 Qf3+ 19. Ke1 Bf2+ 20. Kd2
Qxf4+ 21. Ke2 Qf3+ 22. Kd2 Be3+ 23. Ke1 Qf2+ 0-1